000 00828nmm a2200289 a 4500
003 AR-BaBNM
005 20251128211333.0
008 274020s2003 ||||||||||||||000 | spa||
020 _a950-531-188-5
040 _cAR-BaBNM
100 1 _aGuinguis, Hugo
245 1 0 _aJuegos para contar o cuentos para jugar
_bjuegos para chicos y no tan chicos
250 _a1ª ed.
260 _aBuenos Aires
_bStadium
_c2003
300 _a137 p.
_bil.
504 _aContiene referencias bibliográficas en p. 137
650 4 _aJUEGOS EDUCATIVOS
650 4 _aJUEGO [METODO DE ENSENANZA]
650 4 _aRELACION ALUMNO-DOCENTE
650 4 _aRELACION CUERPO-MENTE
650 4 _aSOLIDARIDAD
650 4 _aPSICOMOTRICIDAD
650 4 _aIMAGINACION
700 1 _aIncarbone, Oscar
_eprologuista
942 _cBK
998 _cEugenia
999 _c19221
_d19221